MARC

LEADER 00000nam0a2200000 4500
001 136226
005 20231031140357.0
020 |a RU  |b 80-6860 
035 |a (RuTPU)RU\TPU\book\147635 
090 |a 136226 
100 |a 20080421d1980 m y0rusy5003 ca 
101 0 |a rus 
102 |a RU 
105 |a a j 001zy 
200 1 |a Черчение  |e учебник   |f М. М. Селиверстов 
210 |a Москва  |c Высшая школа  |d 1980 
215 |a 327 с.  |c ил. 
320 |a Библиогр.: с. 325. 
610 1 |a черчение 
610 1 |a правила 
610 1 |a техника 
610 1 |a начертательная геометрия 
610 1 |a изображения 
610 1 |a чертежи 
610 1 |a составление 
610 1 |a схемы 
610 1 |a учебники 
675 |a 744(075.8)  |v 3 
700 1 |a Селиверстов  |b М. М.  |g Михаил Михайлович  |4 070 
801 0 |a RU  |b RuMRKP  |c 19950704  |g psbo 
801 1 |a RU  |b 63413507  |c 20080421  |g PSBO 
801 2 |a RU  |b 63413507  |c 20190211  |g PSBO 
942 |c BK